MARC details
| 000 -LEADER |
| fixed length control field |
02419nam a22003737a 4500 |
| 001 - CONTROL NUMBER |
| control field |
100081 |
| 003 - CONTROL NUMBER IDENTIFIER |
| control field |
KnowledgeUnlatched |
| 005 - DATE AND TIME OF LATEST TRANSACTION |
| control field |
20210303105334.0 |
| 006 - FIXED-LENGTH DATA ELEMENTS--ADDITIONAL MATERIAL CHARACTERISTICS |
| fixed length control field |
m o d |
| 007 - PHYSICAL DESCRIPTION FIXED FIELD--GENERAL INFORMATION |
| fixed length control field |
cr u|||||||||| |
| 008 - FIXED-LENGTH DATA ELEMENTS--GENERAL INFORMATION |
| fixed length control field |
210129p20172018cou o u00| u eng d |
| 035 ## - SYSTEM CONTROL NUMBER |
| System control number |
(OCoLC)974947527 |
| 037 ## - SOURCE OF ACQUISITION |
| Institution to which field applies |
BiblioBoard |
| 020 ## - INTERNATIONAL STANDARD BOOK NUMBER |
| International Standard Book Number |
9781607327004 |
| 029 1# - OTHER SYSTEM CONTROL NUMBER (OCLC) |
| OCLC library identifier |
https://library.biblioboard.com/ext/api/media/43af11d1-e5a2-4da2-91ca-d27707e2b1e0/assets/thumbnail.jpg |
| 040 ## - CATALOGING SOURCE |
| Original cataloging agency |
ScCtBLL |
| Transcribing agency |
ScCtBLL |
| 100 1# - MAIN ENTRY--PERSONAL NAME |
| Personal name |
Armstrong-Fumero, Fernando |
| Relator term |
author. |
| 245 00 - TITLE STATEMENT |
| Title |
Legacies of Space and Intangible Heritage |
| Remainder of title |
Archaeology, Ethnohistory, and the Politics of Cultural Continuity in the Americas / |
| Statement of responsibility, etc. |
Fernando Armstrong-Fumero, Julio Hoil Guiterrez. |
| 264 #1 - PRODUCTION, PUBLICATION, DISTRIBUTION, MANUFACTURE, AND COPYRIGHT NOTICE |
| Name of producer, publisher, distributor, manufacturer |
University Press of Colorado, |
| 300 ## - PHYSICAL DESCRIPTION |
| Extent |
1 online resource. |
| 506 0# - RESTRICTIONS ON ACCESS NOTE |
| Terms governing access |
Access copy available to the general public. |
| Standardized terminology for access restriction |
Unrestricted |
| Source of term |
star |
| 520 ## - SUMMARY, ETC. |
| Summary, etc. |
This volume looks at how different physical environments contribute to the reproduction of cultural forms even in the wake of colonization, migration, and other processes of displacement and change. This raises the question of whether cultural practices are altered by changes in physical environment or if a group's narratives and practices shape their location. Using case studies from North and South America, the contributors reveal a pattern of abandonment and reestablishment of settlements and how collective memory drives people back to culturally meaningful sites. Through the lenses of archaeology and ethnohistory and by examining the politics of cultural continuity, the authors argue that there is a complex relationship between a people's heritage and the landscape that affects the making of "place." |
| 588 0# - SOURCE OF DESCRIPTION NOTE |
| Source of description note |
Description based on print version record. |
| 590 ## - LOCAL NOTE (RLIN) |
| Local note |
KU Select 2016 Front List Collection |
| 650 #7 - SUBJECT ADDED ENTRY--TOPICAL TERM |
| Topical term or geographic name entry element |
Social Science / Archaeology |
| Source of heading or term |
bisacsh |
| 650 #0 - SUBJECT ADDED ENTRY--TOPICAL TERM |
| Topical term or geographic name entry element |
Social sciences |
| 655 #0 - INDEX TERM--GENRE/FORM |
| Genre/form data or focus term |
Electronic books. |
| 700 1# - ADDED ENTRY--PERSONAL NAME |
| Personal name |
Guiterrez, Julio Hoil |
| Relator term |
author. |
| 758 ## - |
| -- |
Is found in: |
| -- |
Knowledge Unlatched |
| -- |
https://openresearchlibrary.org/module/2774bc74-146a-484f-a7ba-ab1d6a09bbfb |
| 856 40 - ELECTRONIC LOCATION AND ACCESS |
| Uniform Resource Identifier |
<a href="https://openresearchlibrary.org/content/43af11d1-e5a2-4da2-91ca-d27707e2b1e0">https://openresearchlibrary.org/content/43af11d1-e5a2-4da2-91ca-d27707e2b1e0</a> |
| Public note |
View this content on Open Research Library. |
| -- |
0 |